000 00351nam a2200133Ia 4500
008 240624s9999 xx 000 0 und d
041 _aeng
082 _a520 KAP
100 _aKAPLAN ROBERT
245 _aART OF THE INFINITE THE PLEASURES OF MAT
260 _c2014
_aNew York
_bBloomsbury Press
300 _aix, : 402 : p. : cm. ; 20
365 _c
_b38
999 _c28169
_d28169